[Event "AUTO-OPEN-4644"]
[Site "http://www.queenalice.com/game.php?id=1870947"]
[Date "2026.3.24"]
[Round "1"]
[White "mvson33"]
[Black "ricardoaurelio"]
[Result "1/2-1/2"]
[WhiteElo "1793"]
[BlackElo "1954"]

1. Nf3 Nc6 2. d4 d5 3. e3 Bf5 4. a3 Nf6 5. c4 e6 6. cxd5 exd5 7. Bb5 Bd7 8. O-O
a6 9. Ba4 b5 10. Bc2 Bd6 11. Nc3 Be6 12. Bd2 Ne7 13. Rc1 O-O 14. Bb1 h6 15. Qc2
Bf5 16. Qd1 Bxb1 17. Rxb1 Rb8 18. Rc1 Rc8 19. Qc2 c6 20. Ne2 a5 21. Nc3 a4 22.
Ne2 Ne4 23. Nc3 Nxd2 24. Qxd2 Qa5 25. Qc2 b4 26. axb4 Qxb4 27. Nxa4 Ra8 28. Nc5
Bxc5 29. Qxc5 Qxc5 30. Rxc5 Rfb8 31. Rc2 Ra2 32. Rb1 Rb6 33. Ne1 Nf5 34. Nd3
Rba6 35. Nc5 Ra1 36. Rcc1 Rxb1 37. Rxb1 Rb6 38. Kf1 Nd6 39. Ke2 f5 40. b4 Kf7
41. Nd3 Ke7 42. Kf3 g5 43. Ke2 Kf6 44. Nc5 Ke7 45. Nd3 Ne4 46. Rb3 h5 47. f3 Nd6
48. Nc5 Nb5 49. Nd3 f4 50. Rb2 fxe3 51. Kxe3 Kf6 52. g3 Nc3 53. Kd2 Nb5 54. Ke3
Nc3 55. Kd2 Nb5 56. Ke3 Nc3 1/2-1/2

[Event "AUTO-ADV-4901"]
[Site "http://www.queenalice.com/game.php?id=1870955"]
[Date "2026.3.24"]
[Round "2"]
[White "Shizumaru_Hisame"]
[Black "mvson33"]
[Result "1-0"]
[WhiteElo "1971"]
[BlackElo "1784"]

1. d4 Nf6 2. Bd2 d5 3. Bb4 Nc6 4. Ba3 Bg4 5. Nc3 e6 6. Bxf8 Rxf8 7. f3 Bh5 8. e3
Qe7 9. Qd2 O-O-O 10. Bb5 Bg6 11. Bxc6 bxc6 12. Nge2 Qb4 13. Rb1 c5 14. dxc5 Qxc5
15. b4 Qc6 16. O-O a6 17. b5 axb5 18. Rxb5 Qd6 19. a4 Kd7 20. Ra1 Ke7 21. Rb2
Rb8 22. Rba2 Qa6 23. a5 Rfc8 24. Na4 Kf8 25. Nc5 Qc4 26. Nb3 Qb5 27. a6 Ra8 28.
a7 Qb6 29. Ra6 Qb5 30. Nc3 Qd7 31. Na4 Qb5 32. Nac5 Nd7 33. R1a5 Qc4 34. Nxd7+
Ke8 35. Ne5 Qxc2 36. Qxc2 Bxc2 37. Nd4 Bd1 38. Kf2 1-0

[Event "AUTO-ADV-4901"]
[Site "http://www.queenalice.com/game.php?id=1870956"]
[Date "2026.3.24"]
[Round "2"]
[White "mvson33"]
[Black "Shizumaru_Hisame"]
[Result "0-1"]
[WhiteElo "1799"]
[BlackElo "1950"]

1. e4 d5 2. exd5 Qxd5 3. Nc3 Qd8 4. Nf3 Bd7 5. d4 e6 6. Be2 f6 7. O-O Bc6 8. Be3
Bd6 9. Rc1 Qe7 10. a3 Nd7 11. Bd3 O-O-O 12. Ne4 g5 13. Nc3 a6 14. Ne4 g4 15.
Nfd2 h5 16. Nc4 Nf8 17. Ncxd6+ cxd6 18. Nc3 f5 19. Re1 Qf7 20. Bg5 Rd7 21. Bh4
f4 22. Qe2 f3 23. Qd2 fxg2 24. Be4 Bxe4 25. Nxe4 Kb8 26. Qc3 d5 27. Nd2 Ng6 28.
Bg3+ Nf4 29. Nb3 Ka7 30. Qe3 Nh3+ 31. Kxg2 Re7 32. Qe5 Nf6 33. Bh4 Ne4 34. Qxh8
Qf3+ 35. Kf1 Nhxf2 0-1

[Event "AUTO-ADV-4901"]
[Site "http://www.queenalice.com/game.php?id=1870959"]
[Date "2026.3.24"]
[Round "2"]
[White "mvson33"]
[Black "pomar"]
[Result "1/2-1/2"]
[WhiteElo "1792"]
[BlackElo "1962"]

1. e4 e6 2. d4 d5 3. exd5 exd5 4. Nf3 Bg4 5. Be2 Nf6 6. O-O Bd6 7. Bg5 Nbd7 8.
Nbd2 O-O 9. c3 c6 10. Re1 Qc7 11. Qc2 Rfe8 12. Bd3 h6 13. Bh4 g5 14. Bg3 Bxg3
15. fxg3 Nh5 16. Rxe8+ Rxe8 17. Re1 Rxe1+ 18. Nxe1 Nxg3 19. hxg3 Qxg3 20. Ndf3
Qf4 21. Bh7+ Kg7 22. Bd3 Nf6 23. Qe2 Ne4 24. Qc2 Bxf3 25. Nxf3 g4 26. Ne5 g3 27.
Nf3 Ng5 28. Nxg5 Qxg5 29. Qe2 Qh4 30. Qf3 h5 31. Kf1 Qh1+ 32. Ke2 Qa1 33. Qxg3+
Kf8 34. Qb8+ Kg7 1/2-1/2

[Event "AUTO-ADV-4901"]
[Site "http://www.queenalice.com/game.php?id=1870960"]
[Date "2026.3.24"]
[Round "2"]
[White "pomar"]
[Black "mvson33"]
[Result "1-0"]
[WhiteElo "1956"]
[BlackElo "1814"]

1. f3 e5 2. Kf2 Bc5+ 3. e3 Nf6 4. d4 exd4 5. exd4 Be7 6. c4 O-O 7. Nc3 d5 8. Bd3
Be6 9. Qb3 b6 10. Nge2 dxc4 11. Bxc4 Bxc4 12. Qxc4 Nbd7 13. Rd1 Qc8 14. Bf4 c5
15. Nd5 Nxd5 16. Qxd5 Nf6 17. Qe5 Re8 18. g4 h6 19. g5 hxg5 20. Bxg5 cxd4 21.
Nxd4 Qb7 22. Rac1 Rad8 23. Rc7 Qb8 24. Nc6 Bd6 25. Qxe8+ Rxe8 26. Nxb8 Bxc7 27.
Nc6 Bxh2 28. Bxf6 gxf6 29. Nxa7 Ra8 30. Nc6 Rc8 31. Ne7+ 1-0

[Event "AUTO-OPEN-4645"]
[Site "http://www.queenalice.com/game.php?id=1871114"]
[Date "2026.3.28"]
[Round "1"]
[White "MarcosT"]
[Black "mvson33"]
[Result "1-0"]
[WhiteElo "2078"]
[BlackElo "1804"]

1. e4 c6 2. d4 d5 3. e5 e6 4. Nf3 c5 5. c3 cxd4 6. cxd4 Nc6 7. Bb5 Bd7 8. Ba4
Bb4+ 9. Bd2 Bxd2+ 10. Qxd2 Nge7 11. O-O O-O 12. a3 Rc8 13. Nc3 Na5 14. Bc2 Nac6
15. Rfe1 Na5 16. Qd3 Nac6 17. Qxh7# 1-0

[Event "AUTO-OPEN-4645"]
[Site "http://www.queenalice.com/game.php?id=1871115"]
[Date "2026.3.28"]
[Round "1"]
[White "mvson33"]
[Black "MarcosT"]
[Result "0-1"]
[WhiteElo "1796"]
[BlackElo "2093"]

1. e4 e5 2. Nf3 Nf6 3. Nc3 Bc5 4. Bc4 d6 5. O-O O-O 6. d4 exd4 7. Nxd4 Re8 8.
Bg5 Nbd7 9. Nf3 Ne5 10. Be2 Bg4 11. Nd5 Ned7 12. Nxf6+ Nxf6 13. c3 Rxe4 14. Bd3
Re5 15. Bc2 Rxg5 16. h3 Bxf3 17. Qxf3 c6 18. Rad1 Qc7 19. Qf4 h6 20. Qf3 Re8 21.
Qd3 d5 22. Rde1 Rge5 23. Rxe5 Rxe5 24. Qg3 Bd6 25. Qf3 Qe7 26. Qd3 g6 27. Qd2
Kg7 28. Rd1 Re2 29. Qc1 Qe5 30. g3 Nh5 0-1

[Event "AUTO-OPEN-4645"]
[Site "http://www.queenalice.com/game.php?id=1871140"]
[Date "2026.3.28"]
[Round "1"]
[White "mvson33"]
[Black "askasl159"]
[Result "0-1"]
[WhiteElo "1819"]
[BlackElo "1665"]

1. e4 e5 2. Nf3 Nc6 3. Bb5 Nge7 4. O-O a6 5. Ba4 g6 6. Nc3 Bg7 7. d3 O-O 8. Bg5
b5 9. Bb3 Bb7 10. Nd5 h6 11. Bh4 g5 12. Bg3 g4 13. Nxe7+ Qxe7 14. Re1 gxf3 15.
Qxf3 Nd4 16. Qd1 Nxb3 17. axb3 d5 18. exd5 Bxd5 19. Qg4 f5 20. Bh4 fxg4 21. Bxe7
Rf7 22. Bh4 c5 23. Ra5 Raa7 24. c3 Bxb3 25. Rea1 Bc2 26. Rxa6 Rxa6 27. Rxa6 Bxd3
28. Rd6 c4 29. Rb6 Ra7 30. Rxb5 Ra1# 0-1

[Event "AUTO-OPEN-4645"]
[Site "http://www.queenalice.com/game.php?id=1871141"]
[Date "2026.3.28"]
[Round "1"]
[White "askasl159"]
[Black "mvson33"]
[Result "0-1"]
[WhiteElo "1693"]
[BlackElo "1771"]

1. e4 e6 2. d4 d5 3. e5 c5 4. Nf3 cxd4 5. Nxd4 Bd7 6. Bb5 Bxb5 7. Nxb5 Qa5+ 8.
N5c3 Nc6 9. Bf4 d4 10. Bd2 dxc3 11. Bxc3 Qc7 12. Qe2 Nge7 13. O-O Ng6 14. a3
Ngxe5 15. Bxe5 Nxe5 16. Nc3 a6 17. Rad1 Bd6 18. Rd2 O-O 19. Ne4 Be7 20. f4 Nc6
21. f5 exf5 22. Ng3 Rfe8 23. Nxf5 Bc5+ 24. Ne3 Bxe3+ 0-1

[Event "AUTO-OPEN-4645"]
[Site "http://www.queenalice.com/game.php?id=1871142"]
[Date "2026.3.28"]
[Round "1"]
[White "mvson33"]
[Black "EdsonEstevam"]
[Result "1-0"]
[WhiteElo "1775"]
[BlackElo "1763"]

1. e4 e5 2. Nf3 Nc6 3. Bb5 Nge7 4. O-O a6 5. Ba4 d6 6. d3 Bg4 7. Be3 b5 8. Bb3
h6 9. Nbd2 Ng6 10. Bd5 Qd7 11. Nb3 Nh4 12. Na5 Bh3 13. Bxc6 Qxc6 14. Nxc6 Bxg2
15. Nxh4 Bxf1 16. Qxf1 g5 17. Nf5 f6 18. Qh3 a5 19. Qh5+ Kd7 20. Qf7+ Kc8 21.
Qxf6 Rh7 22. Qxf8+ Kb7 23. Nd8+ Ka6 24. Qf6 Rh8 25. Qxh8 a4 26. Qf6 b4 27. Nc6
Kb5 28. Nxe5 dxe5 29. Qxe5+ c5 30. Qxc5+ Ka6 31. Qb6# 1-0

[Event "AUTO-OPEN-4645"]
[Site "http://www.queenalice.com/game.php?id=1871143"]
[Date "2026.3.28"]
[Round "1"]
[White "EdsonEstevam"]
[Black "mvson33"]
[Result "1-0"]
[WhiteElo "1745"]
[BlackElo "1799"]

1. e4 c5 2. Bc4 Nc6 3. d3 d6 4. Nf3 Nf6 5. Nc3 g6 6. Ng5 e6 7. O-O Bg7 8. h3 O-O
9. Be3 Bd7 10. Re1 Rc8 11. d4 cxd4 12. Bxd4 Qc7 13. Re3 Nxd4 14. Qxd4 Qxc4 15.
Qd1 Qc5 16. h4 Bc6 17. a3 d5 18. e5 Nd7 19. Rh3 Bxe5 20. h5 Nf6 21. hxg6 fxg6
22. Nxe6 Qd6 23. Nxf8 Rxf8 24. Ne2 Bxb2 25. Ra2 Bxa3 26. Raxa3 Qc5 27. Nd4 a6
28. Ne6 1-0

[Event "AUTO-ADV-4927"]
[Site "http://www.queenalice.com/game.php?id=1871235"]
[Date "2026.3.30"]
[Round "1"]
[White "SGF"]
[Black "mvson33"]
[Result "0-1"]
[WhiteElo "1643"]
[BlackElo "1792"]

1. e4 c6 2. Qf3 d5 3. exd5 cxd5 4. Bb5+ Nc6 5. c3 Nf6 6. h3 Bd7 7. d3 g6 8. g4
Bg7 9. a4 a6 10. Bxc6 Bxc6 11. Bg5 d4 12. Qf4 Bxh1 13. Qxd4 Qxd4 14. cxd4 Bc6
15. Nc3 O-O 16. f3 Rad8 17. Be3 Rfe8 18. b4 Bd7 19. d5 Bc8 20. Nge2 Nxd5 21.
Nxd5 Rxd5 22. Ra3 Red8 23. d4 R5d6 24. Kf2 R6d7 25. h4 e5 26. dxe5 Bxe5 27. f4
Bc7 28. a5 Rd3 29. Rxd3 Rxd3 30. Nc1 Rc3 31. g5 Bd6 32. Bd2 Rc2 33. Ke2 Bxb4 34.
Kd3 Rxd2+ 35. Ke3 Rc2 36. Nd3 Bxa5 37. Ne5 b5 38. Kd3 Bf5+ 39. Kd4 b4 40. Nc4
Bc7 41. Ne5 Bxe5+ 42. Kxe5 b3 43. Kf6 b2 44. h5 b1=Q 45. h6 Qb6+ 46. Ke5 Qe3+
47. Kf6 Qe6# 0-1

[Event "AUTO-ADV-4927"]
[Site "http://www.queenalice.com/game.php?id=1871253"]
[Date "2026.3.30"]
[Round "1"]
[White "mvson33"]
[Black "game"]
[Result "1-0"]
[WhiteElo "1792"]
[BlackElo "1647"]

1. e4 d6 2. d4 Nf6 3. Nc3 e5 4. dxe5 Nfd7 5. exd6 Bxd6 6. Nf3 O-O 7. Bc4 Nb6 8.
Bb3 c5 9. a3 Re8 10. O-O Qc7 11. Bd2 c4 12. Ba2 N8d7 13. h3 Ne5 14. Nd5 Nxd5 15.
exd5 Qd7 16. Nxe5 Bxe5 17. c3 b5 18. Be3 Bc7 19. Qd2 Qd6 20. g3 Bxh3 21. Rfe1
Re5 22. Rad1 Bg4 23. Rc1 Rxd5 24. Qc2 Rd3 25. Bf4 Qc5 26. Bxc7 Qxc7 27. Re4 Bh3
28. Rce1 Kf8 29. R4e3 Qc6 30. f3 Qb6 31. Qf2 Re8 32. Rxe8# 1-0

[Event "AUTO-ADV-4927"]
[Site "http://www.queenalice.com/game.php?id=1871254"]
[Date "2026.3.30"]
[Round "1"]
[White "game"]
[Black "mvson33"]
[Result "0-1"]
[WhiteElo "1648"]
[BlackElo "1784"]

1. e4 d5 2. e5 Bf5 3. d4 e6 4. Nf3 Nc6 5. Ng5 Bb4+ 6. c3 Be7 7. h4 h6 8. Nh3 Qd7
9. a4 O-O-O 10. Nf4 f6 11. Bb5 Bf8 12. b4 fxe5 13. dxe5 Nge7 14. O-O Qe8 15. a5
a6 16. Ba4 Qf7 17. b5 axb5 18. Bb3 Nxe5 19. a6 bxa6 20. Re1 N7c6 21. Be3 a5 22.
Bd4 Bd6 23. Nd2 Nxd4 24. cxd4 Nc6 25. g3 Bxf4 26. gxf4 Qg6+ 27. Kf1 Bd3+ 28. Re2
Nxd4 29. Qc1 Nxe2 30. Qc5 Qg1# 0-1

[Event "AUTO-ADV-4927"]
[Site "http://www.queenalice.com/game.php?id=1871255"]
[Date "2026.3.30"]
[Round "1"]
[White "mvson33"]
[Black "zubarev"]
[Result "0-1"]
[WhiteElo "1804"]
[BlackElo "1962"]

1. e4 e5 2. Nf3 Nc6 3. Bb5 d6 4. Nc3 Bd7 5. O-O Be7 6. d3 Nf6 7. Bg5 O-O 8. Nd2
Nd4 9. Bxd7 Qxd7 10. Nf3 c5 11. Bxf6 Bxf6 12. Nd5 Bd8 13. Nc3 f5 14. exf5 Qxf5
15. Ne4 Bc7 16. c3 Nxf3+ 17. Qxf3 Qxf3 18. gxf3 Rxf3 19. Rad1 Raf8 20. Ng3 Bb6
21. Rd2 Bd8 22. Kg2 Bg5 23. Re2 Rxd3 24. Rfe1 b5 25. Ne4 Be7 26. Ng3 Bh4 27. Kh3
g5 28. Kg2 a5 29. Re3 Rxe3 30. Rxe3 g4 31. Kg1 Bg5 32. Re2 Rf3 33. Re1 h6 34.
Ne4 Be7 35. Ng3 Rd3 36. Nf5 Bf8 37. Re2 Kh7 38. Kg2 Kg6 39. Ne3 h5 40. Kg1 Kg5
41. Ng2 c4 42. Ne3 d5 43. Ng2 b4 44. Rxe5+ Kh6 45. Nf4 Rd2 46. Rxh5+ Kg7 47.
Rxd5 Rxb2 48. Rxa5 bxc3 49. Ra4 c2 50. Rxc4 Rb1+ 51. Kg2 c1=R 52. Rxc1 Rxc1 53.
Ne6+ Kf7 54. Nxf8 Kxf8 0-1

[Event "AUTO-ADV-4927"]
[Site "http://www.queenalice.com/game.php?id=1871256"]
[Date "2026.3.30"]
[Round "1"]
[White "zubarev"]
[Black "mvson33"]
[Result "1/2-1/2"]
[WhiteElo "1942"]
[BlackElo "1799"]

1. c4 Nf6 2. Nc3 e6 3. d4 d5 4. Nf3 dxc4 5. e4 Be7 6. Bxc4 O-O 7. O-O b6 8. Re1
Bb7 9. Bd3 Nc6 10. Be3 Rc8 11. Qc2 Nb4 12. Qd2 Nxd3 13. Qxd3 c5 14. Rad1 cxd4
15. Bxd4 Qc7 16. e5 Nd5 17. Rc1 Qb8 18. Nxd5 Bxd5 19. b3 Rxc1 20. Rxc1 Rd8 21.
Qc3 Bb7 22. Be3 Rc8 23. Qd2 Rxc1+ 24. Qxc1 h6 25. Nd4 Qxe5 26. h3 Qe4 27. f3 Qd5
28. Qc7 Bd6 29. Qb8+ Kh7 30. Qxa7 Bg3 31. Kf1 e5 32. Qxb6 exd4 33. Bxd4 Qc6 34.
Qb4 Qc1+ 35. Ke2 Qc2+ 36. Qd2 Qxd2+ 37. Kxd2 Kg6 38. a4 Kf5 39. Ke3 f6 40. b4
Ke6 41. b5 Bc7 42. Bc3 Kd5 43. a5 Kc5 44. a6 Ba8 45. b6 Bxb6 46. Bd4+ Kb5 47.
Bxb6 Kxb6 48. Kf4 Kxa6 49. Kf5 Kb6 50. Kg6 Kc5 51. Kxg7 Kd4 52. Kxf6 Ke3 53. Kg6
Kf2 54. Kxh6 Kxg2 55. f4 Kxh3 1/2-1/2

[Event "AUTO-OPEN-4647"]
[Site "http://www.queenalice.com/game.php?id=1871668"]
[Date "2026.4.8"]
[Round "1"]
[White "mvson33"]
[Black "dosoldini"]
[Result "1-0"]
[WhiteElo "1776"]
[BlackElo "1601"]

1. e4 e5 2. Nf3 Nc6 3. Bc4 Be7 4. Nc3 a6 5. a3 d6 6. O-O h6 7. d3 f5 8. exf5
Bxf5 9. Ba2 Nf6 10. Bd2 d5 11. Re1 Bc5 12. Rf1 d4 13. Ne2 e4 14. dxe4 Nxe4 15.
Ng3 Bg6 16. Nxe4 Bxe4 17. Re1 Qe7 18. Bd5 Ne5 19. Bxe4 c6 20. Bg6+ Kd8 21. Nxe5
1-0

[Event "AUTO-OPEN-4647"]
[Site "http://www.queenalice.com/game.php?id=1871670"]
[Date "2026.4.8"]
[Round "1"]
[White "mvson33"]
[Black "bmax"]
[Result "0-1"]
[WhiteElo "1789"]
[BlackElo "2280"]

1. d4 d5 2. Nf3 c6 3. e3 Bg4 4. Be2 e6 5. O-O Bd6 6. Nbd2 Nf6 7. c4 O-O 8. cxd5
cxd5 9. b3 Nc6 10. Bb2 Ne4 11. Rc1 f5 12. Re1 Rf6 13. Qc2 Rh6 14. Rcd1 Bxh2+ 15.
Nxh2 Qh4 0-1

[Event "AUTO-OPEN-4647"]
[Site "http://www.queenalice.com/game.php?id=1871671"]
[Date "2026.4.8"]
[Round "1"]
[White "bmax"]
[Black "mvson33"]
[Result "1-0"]
[WhiteElo "2281"]
[BlackElo "1794"]

1. d4 Nf6 2. Nf3 d5 3. e3 g6 4. b3 Bg7 5. Bb2 O-O 6. c4 e6 7. cxd5 Nxd5 8. e4
Nf6 9. e5 Nd5 10. Nc3 Nc6 11. h4 b6 12. h5 Bh6 13. hxg6 fxg6 14. Rxh6 Nxc3 15.
Bxc3 Bb7 16. Qd2 Qe7 17. Bc4 Rf7 18. Ng5 Rg7 19. Bxe6+ Kh8 20. O-O-O Rf8 21.
Rdh1 1-0

[Event "AUTO-ADV-4929"]
[Site "http://www.queenalice.com/game.php?id=1871714"]
[Date "2026.4.8"]
[Round "1"]
[White "mvson33"]
[Black "rviana"]
[Result "0-1"]
[WhiteElo "1805"]
[BlackElo "2040"]

1. e4 c6 2. Nf3 d5 3. exd5 cxd5 4. Be2 Nf6 5. O-O e6 6. d4 Bd6 7. c3 O-O 8. Bg5
h6 9. Bh4 Nbd7 10. Nbd2 b6 11. Qc2 Bb7 12. Bg3 Bxg3 13. fxg3 Rc8 14. Bd3 Ng4 15.
Rae1 a6 16. Qb3 b5 17. Bb1 Nb6 18. Qc2 Nf6 19. g4 Nc4 20. h4 Ne4 21. Rf2 Ncd6
22. Nxe4 Nxe4 23. Nd2 Qxh4 24. Ref1 h5 25. g5 Qxg5 26. Nf3 Qh6 0-1

[Event "AUTO-ADV-4929"]
[Site "http://www.queenalice.com/game.php?id=1871737"]
[Date "2026.4.8"]
[Round "1"]
[White "mvson33"]
[Black "Capixabba789"]
[Result "0-1"]
[WhiteElo "1797"]
[BlackElo "1937"]

1. Nf3 d5 2. d4 e6 3. e3 Nf6 4. c4 Be7 5. Nc3 O-O 6. cxd5 exd5 7. b3 Bf5 8. Bb2
Nc6 9. Be2 Ne4 10. O-O h6 11. Rc1 a6 12. Bd3 Nxc3 13. Bxc3 Bxd3 14. Qxd3 Nb4 15.
a3 Nxd3 16. Rcd1 Nxf2 17. Rxf2 Re8 18. Bb2 c6 19. Rc1 Bf6 20. Re2 Qd6 21. Rce1
Re6 0-1

[Event "AUTO-ADV-4929"]
[Site "http://www.queenalice.com/game.php?id=1871738"]
[Date "2026.4.8"]
[Round "1"]
[White "Capixabba789"]
[Black "mvson33"]
[Result "1-0"]
[WhiteElo "1915"]
[BlackElo "1787"]

1. d4 d5 2. Nc3 Nf6 3. f4 e6 4. Nf3 c5 5. e3 Nc6 6. Be2 cxd4 7. exd4 Be7 8. O-O
O-O 9. Ne5 Bd7 10. Bf3 Rc8 11. Ne2 Qc7 12. c3 Rfd8 13. Ng3 Na5 14. b4 Nc6 15. a4
Re8 16. b5 Nb8 17. Bb2 a6 18. bxa6 Nxa6 19. Nh5 Nb8 20. Nxf6+ Bxf6 21. Qe1 Nc6
22. Qg3 Re7 23. Ba3 Ree8 24. Kh1 Be7 25. Bxe7 Rxe7 26. Bh5 Nxe5 27. fxe5 Qxc3
28. Qg5 Rce8 29. Ra2 Qc4 30. Raf2 Bc8 31. Bxf7+ Rxf7 32. Rxf7 1-0